Biện pháp quản lý công táckiểm tra – đánh giá kết quả học tập của học sinh tại Trường Trung cấp nghề Việt Á
Cơ sở lý luận về quản lý công tác kiểm tra - đánh giá kết quả học tập; Thực trạng quản lý công tác kiểm tra - đánh giá kết quả học tập của học sinh Trường Trung cấp nghề Việt Á; Biện pháp quản lý công tác kiểm tra - đánh giá kết quả học tập của học sinh ở Trường Trung cấp nghề Việt Á......
Tallennettuna:
| Päätekijä: | |
|---|---|
| Muut tekijät: | |
| Aineistotyyppi: | Kirja |
| Kieli: | Vietnamese |
| Julkaistu: |
Đà Nẵng
Đại học Đà Nẵng
2013
|
| Aiheet: | |
| Tagit: |
Lisää tagi
Ei tageja, Lisää ensimmäinen tagi!
|
| Thư viện lưu trữ: | Mạng thư viện Đại học Đà Nẵng |
|---|
| LEADER | 01908nam a2200349 4500 | ||
|---|---|---|---|
| 001 | 000019317 | ||
| 003 | 15752 | ||
| 005 | 20140417140418.0 | ||
| 008 | 140417s2013 viesd | ||
| 041 | |a vie | ||
| 082 | 1 | 4 | |a 373.246 |b TR-C |
| 100 | |a Trần Thị Chính | ||
| 245 | |a Biện pháp quản lý công táckiểm tra – đánh giá kết quả học tập của học sinh tại Trường Trung cấp nghề Việt Á |c Trần Thị Chính ; Nguyễn Bảo Hoàng Thanh hướng dẫn. |k Luận văn Thạc sĩ | ||
| 260 | |a Đà Nẵng |b Đại học Đà Nẵng |c 2013 | ||
| 300 | |a 86 tr., phụ lục 3 tr. |c 29 cm. |e Tóm tắt | ||
| 500 | |a Luận văn thạc sĩ Quản lý giáo dục. Chuyên ngành: Quản lý giáo dục. Mã số: 60.14.05. | ||
| 520 | |a Cơ sở lý luận về quản lý công tác kiểm tra - đánh giá kết quả học tập; Thực trạng quản lý công tác kiểm tra - đánh giá kết quả học tập của học sinh Trường Trung cấp nghề Việt Á; Biện pháp quản lý công tác kiểm tra - đánh giá kết quả học tập của học sinh ở Trường Trung cấp nghề Việt Á... | ||
| 650 | 0 | 4 | |a Giáo dục dạy nghề |v Luận văn tốt nghiệp |x Nghiên cứu |
| 653 | |a Quản lý giáo dục | ||
| 653 | |a Kiểm tra, đánh giá | ||
| 653 | |a Giáo dục dạy nghề | ||
| 700 | 1 | |a Nguyễn Bảo Hoàng Thanh |c PGS.TS |e Hướng dẫn | |
| OWN | |a LSP | ||
| AVA | |a UDN50 |b LSP |d 373.246 TR-C |e available |t Error 5001 Not defined in file expand_doc_bib_avail. |f 1 |g 0 |h N |i 0 |k 1 | ||
| 999 | |a From the UDN01 | ||
| AVA | |a UDN50 |b LSP |d 373.246 TR-C |e available |t Error 5001 Not defined in file expand_doc_bib_avail. |f 1 |g 0 |h N |i 0 |k 1 | ||
| TYP | |a Monograph | ||
| TYP | |a Printed language | ||
| 980 | |a Mạng thư viện Đại học Đà Nẵng | ||